|
|
|
|
| LEADER |
00000nam a2200000 a 4500 |
| 001 |
vtls001321456 |
| 003 |
SK-MaSNL |
| 005 |
20260301235505.0 |
| 008 |
251113s1923 xo 0 slo |
| 035 |
|
|
|a SNK000274114
|
| 040 |
|
|
|a SNK
|b slo
|c SNK
|e AACR2
|
| 044 |
|
|
|a xo
|c SK
|
| 100 |
1 |
|
|a Bella, Ondrej Miloslav,
|d 1851-1903
|4 aut
|9 80829
|
| 245 |
1 |
0 |
|a Výber z básní
|c Ondrej Bella
|
| 260 |
|
|
|a V Turčianskom Sv. Martine
|b Matica slovenská
|c 1923
|e V Turčianskom Sv. Martine
|f KÚS
|
| 300 |
|
|
|a 157 s.
|c 18 cm
|
| 490 |
1 |
|
|a Čítanie študujúcej mládeže slovenskej
|v sv. 5
|
| 830 |
|
0 |
|a Čítanie študujúcej mládeže slovenskej
|9 309720
|
| 999 |
|
|
|c 975293
|d 977223
|
| 952 |
|
|
|a SNK
|b SNK
|y PREZ
|7 0
|p 17A0113617
|o snkSD 612/5
|i snk111/28
|0 0
|1 0
|4 0
|d 1998-02-18
|l 0
|r 2025-10-16 00:00:00
|w 2026-02-24
|
| 952 |
|
|
|a SNK
|b SNK
|y VYP
|7 0
|p 17A0113618
|o snkSD 612/5 D1
|i snkVIII. 3768/54
|0 0
|1 0
|4 0
|d 1998-02-18
|l 0
|r 2005-01-02 00:00:00
|w 2026-02-24
|
| 952 |
|
|
|a SNK
|b SNK
|y VYP
|7 0
|p 17A0113619
|o snkSD 612/5 D2
|i snkVIII. 3767/54
|0 0
|1 0
|4 0
|d 1998-02-18
|l 0
|r 2005-01-02 00:00:00
|w 2026-02-24
|
| 952 |
|
|
|a SNK
|b SNK
|y VYP
|7 0
|p 17A0113620
|o snkSD 612/5 D3
|i snkVIII. 3766/54
|0 0
|1 0
|4 0
|d 1998-02-18
|l 0
|r 2005-01-02 00:00:00
|w 2026-02-24
|
| 952 |
|
|
|a SNK
|b SNK
|y VYP
|7 0
|p 17A0113621
|o snkSD 612/5 D4
|i snkF 2258/83
|0 0
|1 0
|4 0
|d 1998-02-18
|l 0
|r 2005-01-02 00:00:00
|w 2026-02-24
|
| 952 |
|
|
|a SNKLM
|b SNKLM
|y NEVYP
|7 0
|o snklmMK 6850
|8 3
|0 0
|1 0
|4 0
|d 2007-02-09
|l 0
|r 2026-02-24 11:02:58
|w 2026-02-24
|